God for us: the Trinity and christian life
Gardado en:
| Autor Principal: | |
|---|---|
| Formato: | Libro |
| Idioma: | inglés |
| Publicado: |
Nueva York
HarperCollins
1993
|
| Edición: | 1a. ed |
| Series: | Theology - Spirituality
|
| Subjects: | |
| Tags: |
Engadir etiqueta
Sen Etiquetas, Sexa o primeiro en etiquetar este rexistro!
|
MARC
| LEADER | 00000cam a2200000 a 4500 | ||
|---|---|---|---|
| 001 | UCE6776 | ||
| 003 | CL-VaPUC | ||
| 008 | 150507e19930000us |||||||||||||||||eng|d | ||
| 020 | |a 0060649135 | ||
| 082 | 0 | 4 | |a 248.4 |b LAC |2 21 |
| 100 | 0 | |a LaCugna, Catherine Mowry |e author |9 579379 | |
| 245 | 1 | 0 | |a God for us: the Trinity and christian life |
| 250 | |a 1a. ed | ||
| 300 | |a 434 p | ||
| 942 | |c BK | ||
| 945 | |d 20150507 00:22:00 |a cmena | ||
| 260 | |a Nueva York |b HarperCollins |c 1993 | ||
| 650 | 0 | |a Vida cristiana |9 258753 | |
| 650 | 7 | |a SANTISIMA TRINIDAD |2 CL-VaPUC |9 479104 | |
| 583 | |a last modification |c 20150507 00:22:00 |k Rodrigo Vera | ||
| 490 | 0 | |a Theology - Spirituality | |
| 999 | |c 358956 |d 358954 | ||
| 952 | |0 0 |1 0 |3 erb |4 0 |6 248_400000000000000_LAC_1993 |7 0 |8 A |9 467935 |a BIBTEO |b BIBTEO |e Casale Rolle, Carlos Ignacio, -2014 |i 5173485 |o 248.4 LAC 1993 |p 5173485 |r 2025-01-17 |w 2019-11-23 |y BK |z Catalogado en:20150507 |k ICR | ||